00530nam a22001457a 4500003000500000038001800005082000800023100001800031245015100049264003400200300002500234650003000259700003800289856005700327NUST aNusrat Nadeem a200 aMukhtar, Amir aDevelopment of Novel Base Bleed Composite Solid Propellant and Igniter for 155 mm Artillery Projectile vis-a-vis Parametric Studies/cAmir Mukhtar aIslamabad;bSCME NUST;c2019. a137,p;bill;c30,cm. aPhD-Materials Engineering aSupervisor: Prof. Dr. Habib Nasir uhttp://10.250.8.41:8080/xmlui/handle/123456789/10706